| 000 | 01290nam a2200289 i 4500 | ||
|---|---|---|---|
| 001 | 000027971 | ||
| 003 | DO-SdBNP | ||
| 005 | 20250924073802.0 | ||
| 007 | ta | ||
| 008 | 110406s1985 dr 000 | spa d | ||
| 040 |
_aDO-SdBNP _bspa _cBNPHU _erda |
||
| 049 | _aBNPD | ||
| 082 | 4 |
_a972.93054 _bC111f _222 |
|
| 245 | 0 | 0 |
_aCaamaño frente a la O. E. A. : _bactas de las reuniones del gobierno constitucional que presidio el coronel Francisco Alberto Caamaño Deñó, con la comisión de la O.E.A. y otros documentos relativos a la guerra patria de abril de 1965. _cpresentación, Fernando Sánchez Matínez |
| 260 |
_aSanto Domingo : _bEditora Universitaria UASD, _c1985. |
||
| 300 |
_a287 p. ; _c21 cm. |
||
| 490 | 1 |
_aPublicaciones de la Universidad Autónoma de Santo Domingo _v377 |
|
| 490 | 1 |
_aHistoria y sociedad _v63 |
|
| 600 | 1 | 4 |
_aCaamaño Deño, Francisco Alberto, _d1932-1973 _910026 |
| 610 | 2 | 0 |
_aOrganización de los Estados Americanos _917918 |
| 650 | 4 |
_aGuerrillas _zRepública Dominicana _917919 |
|
| 651 | 4 |
_aRepública Dominicana _xHistoria _yREVOLUCIÓN, 1965 _92167 |
|
| 830 |
_aPublicaciones de la Universidad Autónoma de Santo Domingo _v377 _952 |
||
| 830 | 0 |
_aHistoria y sociedad; _v63 _913749 |
|
| 910 | _aValidado. Control de calidad MMOLINA | ||
| 942 |
_2ddc _cLBS1 |
||
| 999 |
_c27463 _d27463 |
||